000 00667nam a2200229Ia 4500
001 113421
003 DR-UNIBE
005 20250421143632.0
008 250409b2003 pe ||||| |||| 00| 0 spa d
040 _aBIBLIOTECA UNIBE
_cBIBLIOTECA UNIBE
_erda
041 _aspa
082 0 _a347 R426c 2003
245 1 0 _aCódigo civil
250 4 _aDecimoprimera edición actualizada, aumentada
260 4 _aLima :
_bGaceta Jurídica,
_c2003
300 4 _a638 páginas
490 _aColección de códigos básicos
650 _aDerecho civil
_xLegislación
_921365
700 1 _aMuro Rojo, Manuel
_eeditor
_9194421
942 _cBK
_2ddc
951 _a20061022 10:18:00
999 _c113421
_d113421